Ulster baronies - Statistics

General Stats
  • This quiz has been taken 9 times
  • The average score is 39 of 78
Answer Stats
Hint Answer % Correct
County Antrim Antrim Lower
100%
County Down Ards Lower
100%
County Down Ards Upper
100%
County Antrim Antrim Upper
89%
County Fermanagh Clanawley
89%
County Down Iveagh Lower
89%
County Down Lecale Lower
89%
County Cavan Loughtee Lower
89%
County Tyrone Omagh East
89%
County Tyrone Omagh West
89%
County Armagh Orior Lower
89%
County Tyrone Strabane Upper
89%
County Antrim Toome Lower
89%
County Antrim Belfast Lower
78%
County Antrim Belfast Upper
78%
County Fermanagh Clankelly
78%
County Armagh Fews Lower
78%
County Donegal Inishowen East
78%
County Down Lecale Upper
78%
County Cavan Loughtee Upper
78%
County Londonderry North West Liberties of Londonderry
78%
County Armagh Orior Upper
78%
County Tyrone Strabane Lower
78%
County Armagh Armagh
67%
County Antrim Carrickfergus
67%
County Tyrone Dungannon Lower
67%
County Tyrone Dungannon Middle
67%
County Tyrone Dungannon Upper
67%
County Antrim Dunluce Upper
67%
County Antrim Glenarm Lower
67%
County Antrim Glenarm Upper
67%
County Down Lordship of Newry
67%
County Antrim Massereene Upper
67%
County Monaghan Monaghan
67%
County Donegal Raphoe North
67%
County Antrim Toome Upper
67%
County Down Castlereagh Lower
56%
County Londonderry Coleraine
56%
County Antrim Dunluce Lower
56%
County Armagh Fews Upper
56%
County Down Iveagh Upper
56%
County Fermanagh Lurg
56%
County Antrim Massereene Lower
56%
County Donegal Raphoe South
56%
County Down Castlereagh Upper
44%
County Donegal Inishowen West
44%
County Londonderry Loughinsholin
33%
County Fermanagh Magheraboy
33%
County Down Mourne
33%
County Londonderry North East Liberties of Coleraine
33%
County Antrim Cary
22%
County Fermanagh Coole
22%
County Down Dufferin
22%
County Londonderry Keenaght
22%
County Antrim Kilconway
22%
County Down Kinelarty
22%
County Fermanagh Magherastephana
22%
County Armagh Oneilland EastClanbrasil
22%
County Armagh Oneilland WestClancann
22%
County Londonderry Tirkeeran
22%
County Donegal Banagh
11%
County Donegal Boylagh
11%
County Cavan Castlerahan
11%
County Cavan Clankee
11%
County Cavan Clanmahon
11%
County Tyrone Clogher
11%
County Monaghan Cremorne
11%
County Monaghan Dartree
11%
County Monaghan Farney
11%
County Donegal Kilmacrenan
11%
County Armagh Tiranny
11%
County Donegal Tirhugh
11%
County Fermanagh Tirkennedy
11%
County Monaghan Trough
11%
County Cavan Tullygarvey
11%
County Cavan Tullyhaw
11%
County Cavan Tullyhunco
11%
County Fermanagh Knockninny
0%
No matching quizzes found
Score Distribution
Percent of People with Each Score
Percentile by Number Answered
Your Score History
You have not taken this quiz